000 01264cam a2200337 a 4500
001 653722
003 OSt
005 20220307103229.0
008 940816s1995 nyua b 001 0 eng
010 _a 94031188
020 _a0070565678 (alk. paper)
040 _aDLC
_cHU
_dDLC
043 _an-us---
050 0 0 _aSD373 .I585 1995
082 0 0 _a634.9
_220
245 0 0 _aIntroduction to forest and renewable resources /
_cGrant W. Sharpe ... [et al.].
250 _a6th ed.
260 _aNew York :
_bMcGraw-Hill,
_cc1995.
300 _axvii, 664 p. :
_bill. ;
_c24 cm.
440 0 _aMcGraw-Hill series in forest resources
_96088
500 _aRev. ed. of: Introduction to forestry / Grant W. Sharpe. 5th ed. 1986.
504 _aIncludes bibliographical references and index.
650 0 _aForests and forestry.
_911238
650 0 _aForests and forestry
_zUnited States.
_923355
700 1 _aSharpe, Grant William.
_932119
700 1 _aSharpe, Grant William.
_tIntroduction to forestry.
_932120
856 4 2 _3Publisher description
_uhttp://www.loc.gov/catdir/description/mh022/94031188.html
906 _a7
_bcbc
_corignew
_d1
_eocip
_f19
_gy-gencatlg
942 _2ddc
_cBOOKS
_n0
999 _c32161
_d32161